[Event "Greifswald op 3rd"]
[Site "Greifswald"]
[Date "2005.07.08"]
[Round "3"]
[White "Hartmann, Elisa"]
[Black "Broock, Achim"]
[Result "1/2-1/2"]
[WhiteElo "1498"]
[BlackElo "1430"]
[PlyCount "97"]
[EventDate "2005.07.07"]
[EventType "swiss"]
[EventRounds "7"]
[EventCountry "GER"]
[SourceTitle "EXT 2007"]
[Source "ChessBase"]
[SourceDate "2006.11.23"]
[SourceVersion "1"]
[SourceVersionDate "2006.11.23"]
[SourceQuality "1"]

1. e4 d5 2. exd5 Qxd5 3. Nc3 Qa5 4. Nf3 c6 5. d4 e6 6. Bd3 Nf6 7. 0-0 Bd6 8. Re1 0-0 9. Be3 Qc7 10. a3 b6 11. b4 Bb7 12. Ne4 Nxe4 13. Bxe4 Nd7 14. Rb1 Nf6 15. Bd3 Nd5 16. Qd2 Rfe8 17. c4 Nxe3 18. Qxe3 c5 19. d5 Bf4 20. Qe4 g6 21. bxc5 bxc5 22. Rxb7 Bxh2+ 23. Nxh2 Qxb7 24. dxe6 Qxe4 25. Rxe4 fxe6 26. Re5 Rad8 27. Be2 Rc8 28. Ng4 Kf7 29. Bd1 Red8 30. Bc2 Rd4 31. Ne3 Kf6 32. Re4 Rd6 33. Kf1 Ke7 34. Ke2 Rb8 35. Rh4 h5 36. Bxg6 Ra6 37. Rxh5 Rxa3 38. Rxc5 Rb2+ 39. Kf3 a5 40. Rb5 Rxb5 41. cxb5 Rb3 42. Bc2 Rxb5 43. Nc4 Rc5 44. Bb3 a4 45. Ba2 Kf6 46. Ke3 Rg5 47. g3 Rc5 48. Kd2 Kg5 49. Kc3 1/2-1/2